Water quality of Vallecito Reservoir and its inflows, southwestern Colorado, 1996-97 /

Bibliographic Details
Main Author: Ranalli, Anthony J.
Corporate Authors: Pine River Irrigation District (Colo.), Geological Survey (U.S.)
Other Authors: Evans, Jonathan B.
Format: Government Document Book
Language:English
Published: Denver, Colo. : U.S. Dept. of the Interior, U.S. Geological Survey : 1999.
Series:Water-resources investigations report ; 99-4092.
Subjects:

MARC

Tag First Indicator Second Indicator Subfields
LEADER 00000cam a2200000 a 4500
001 in00000006665
005 20150930070015.0
008 990928s1999 couab b f000 0 eng d
035 |a (OCoLC)42449576 
035 |9 AJK7613AM 
040 |d GPO  |d DLC  |d MvI  |d UtOrBLW 
043 |a n-us-co 
049 |a UDOC 
074 |a 0624-B 
086 0 |a I 19.42/4:99-4092 
100 1 |a Ranalli, Anthony J. 
245 1 0 |a Water quality of Vallecito Reservoir and its inflows, southwestern Colorado, 1996-97 /  |c by Anthony J. Ranalli and Jonathan B. Evans ; prepared in cooperation with the Pine River Irrigation District. 
264 1 |a Denver, Colo. :  |b U.S. Dept. of the Interior, U.S. Geological Survey :  |c 1999. 
264 2 |a Denver, Colo. :  |b Information Services [distributor], 
300 |a iv, 37 pages :  |b illustrations (some color), map ;  |c 28 cm. 
336 |a text  |b txt  |2 rdacontent 
337 |a unmediated  |b n  |2 rdamedia 
338 |a volume  |b nc  |2 rdacarrier 
490 1 |a Water-resources investigations report ;  |v 99-4092 
500 |a Shipping list number: 99-0366-P. 
500 |a Shipping List #: 99-0366-P 
500 |a Shipping List Date: 09/17/99 
504 |a Includes bibliographical references (pages 27-28). 
650 0 |a Water quality  |z Colorado  |z Vallecito Reservoir Region. 
650 0 |a Environmental quality  |z Colorado  |z Vallecito Reservoir Region. 
650 0 |a Water  |x Composition  |z Colorado  |z Vallecito Reservoir Region. 
700 1 |a Evans, Jonathan B. 
710 2 |a Pine River Irrigation District (Colo.) 
710 2 |a Geological Survey (U.S.) 
830 0 |a Water-resources investigations report ;  |v 99-4092. 
999 |a MARS 
999 f f |s fb7a8c22-19bf-346a-807f-501195231d0b  |i fd23288a-2d7c-3b82-9da4-0e4133caca31  |t 0 
952 f f |p normal  |a Texas A&M University  |b College Station  |c Sterling C. Evans Library  |d Evans: US Documents (Annex 5th floor)  |t 0  |e I 19.42/4:99-4092  |h Superintendent of Documents classification  |i unmediated -- volume  |m A14824327992 
998 f f |a I 19.42/4:99-4092  |t 0  |l Evans: US Documents (Annex 5th floor)